| 000 | 00615nam a22001937a 4500 | ||
|---|---|---|---|
| 999 |
_c190926 _d190926 |
||
| 005 | 20220811114658.0 | ||
| 010 | _aUR-11668 | ||
| 020 |
_a9789391238216 _c250.00 |
||
| 035 | _aU-10223 | ||
| 037 |
_bDBAD/PUB _a- |
||
| 082 | _a841.08 | ||
| 100 | _aخالدہ ناز | ||
| 245 |
_aدر سیات : _bتنقید ی مضا مین / _cخالدہ ناز |
||
| 246 |
_aDarsiyat / _bby Khalida Naz |
||
| 260 |
_aNew Delhi _bEducational Publishing House _c2021 ء |
||
| 270 |
_aH.O. D1/16, Ansari Road, Darya Ganj _bNew Delhi _e110002 |
||
| 300 |
_a196 ص _c23cm(Hb) |
||
| 942 |
_2ddc _cUR _h841.08 _mخ ا ل |
||